000
00319nam a2200121Ia 4500
008
220204s9999 xx 000 0 und d
082
_a
002
_b
PEN
100
_a
Aleyamma Mathai, Patrick R
245
0
_a
Library as a learning service center
260
_a
New york
_b
Marcel Dekker
_c
1978
700
_a
Penland
942
_c
BK
999
_c
31286
_d
31286